LEADER 00946nam0-22003371i-450- 001 990001350060403321 005 20100917142717.0 010 $a0792334841 035 $a000135006 035 $aFED01000135006 035 $a(Aleph)000135006FED01 035 $a000135006 100 $a20001205d1995----km-y0itay50------ba 101 0 $aeng 102 $aNL 105 $ay-------001yy 200 1 $aFrom Dedekind to Gödel$eessays on the development of the foundations of mathematics$fedited by Jaakko Hintikka 210 $aDordrecht (NL)$cKluwer$d1995 215 $aix, 459 p.$d23 cm 225 1 $aSynthese Library$v251 610 0 $aLogica matematica$aFondamenti 676 $a511 702 1$aHintikka,$bJaakko 801 0$aIT$bUNINA$gRICA$2UNIMARC 901 $aBK 912 $a990001350060403321 952 $aC-25-(251$b14262$fMA1 959 $aMA1 962 $a03-06 996 $aFrom Dedekind to Gödel$9376184 997 $aUNINA